00918nam a22001457a 4500003000400000020001800004082001000022100001800032245004600050250000900096260003100105300000800136650003700144653059100181SGT a9788131726990 a620.1 aHIBBELER R.C. aENGINEERING MECHANICS STATICS & DYNAMICS  a11TH aNEW DELHI bPEARSON c2010 a838 aENGINEERING & ALLIED OPERATIONS  aGENERAL PRINCIPLES, FORCE VECTORS, EQUILIBRIUM OF A PARTICLE, FORCE SYSTEM RESULTANTS, EQUILIBRIUM OF A RIGID BODY, STRUCTURAL ANALYSIS, INTERNAL FORCES, FRICTION, CENTER OF GRAVITY AND CENTROID, MOMENTS OF INERTIA, VIRTUAL WORK, KINEMATICS OF A PARTICLE, KINETICS OF A PARTICLE: FORCE AND ACCELERATION, KINETICS OF A PARTICLE: WORK AND ENERGY, KINETICS OF A PARTICLE: IMPULSE AND MOMENTUM, PLANAR KINEMATICS OF A RIGID BODY, PLANAR KINETICS OF A RIGID BODY: FORCE AND ACCELERATION, PLANAR KINETICS OF A RIGID BODY: WORK AND ENERGY, PLANAR KINETICS OF A RIGID BODY: IMPULSE AND MOMENTUM